Molecular modeling: basic principles and application by Hans-Dieter Holtje (Record no. 1215329)
[ view plain ]
| 000 -LEADER | |
|---|---|
| fixed length control field | 01333nam a2200337Ia 4500 |
| 003 - CONTROL NUMBER IDENTIFIER | |
| control field | OSt |
| 005 - DATE AND TIME OF LATEST TRANSACTION | |
| control field | 20221007125450.0 |
| 008 - FIXED-LENGTH DATA ELEMENTS--GENERAL INFORMATION | |
| fixed length control field | 221006b |||||||| |||| 00| 0 eng d |
| 020 ## - INTERNATIONAL STANDARD BOOK NUMBER | |
| International Standard Book Number | 3527305890 (pbk) |
| -- | 50.00 |
| 037 ## - SOURCE OF ACQUISITION | |
| Terms of availability | Textual |
| 040 ## - CATALOGING SOURCE | |
| Original cataloging agency | CDL |
| Transcribing agency | CDL |
| Language of cataloging | eng |
| 041 ## - LANGUAGE CODE | |
| Source of code | eng |
| Language code of text/sound track or separate title | eng |
| 100 ## - MAIN ENTRY--PERSONAL NAME | |
| Personal name | Holtje Hans-Dieter |
| 9 (RLIN) | 448295 |
| 245 #0 - TITLE STATEMENT | |
| Title | Molecular modeling: basic principles and application by Hans-Dieter Holtje |
| Remainder of title | Sippl Wolfgang Rognan Didier Folkers Gerd |
| 250 ## - EDITION STATEMENT | |
| Edition statement | Ed 2 |
| 260 ## - PUBLICATION, DISTRIBUTION, ETC. | |
| Place of publication, distribution, etc. | Weinheim |
| Name of publisher, distributor, etc. | Wiley-VCH Verlag |
| Date of publication, distribution, etc. | 2003 |
| 300 ## - PHYSICAL DESCRIPTION | |
| Extent | xii, 228p |
| Dimensions | cm. |
| 500 ## - GENERAL NOTE | |
| General note | Includes bibliographical references; Index 237-228p; ^n23/CSL/CARC/2003-2004/774^d2003-09-18^mPurchase; ; 2003-04/295^b2003-10-20^cEBA/658/2003-04^d2003-10-08^eRs.3,994.00^fEducational Book Agency (India); ; 2003-11-26^bSB^c2003-11-26^dVinay |
| 650 ## - SUBJECT ADDED ENTRY--TOPICAL TERM | |
| Topical term or geographic name entry element | Modeling |
| 9 (RLIN) | 721976 |
| 650 ## - SUBJECT ADDED ENTRY--TOPICAL TERM | |
| Topical term or geographic name entry element | Molecular structure |
| 9 (RLIN) | 713791 |
| 650 ## - SUBJECT ADDED ENTRY--TOPICAL TERM | |
| Topical term or geographic name entry element | Chemistry |
| 700 ## - ADDED ENTRY--PERSONAL NAME | |
| Personal name | Folkers Gerd |
| 9 (RLIN) | 721977 |
| 700 ## - ADDED ENTRY--PERSONAL NAME | |
| Personal name | Rognan Didier |
| 9 (RLIN) | 721978 |
| 700 ## - ADDED ENTRY--PERSONAL NAME | |
| Personal name | Sippl Wolfgang |
| 9 (RLIN) | 448296 |
| 942 ## - ADDED ENTRY ELEMENTS (KOHA) | |
| Classification part | E:218:(B), P3-;1 |
| Koha item type | Textual |
| Source of classification or shelving scheme | Colon Classification (CC) |
| Withdrawn status | Lost status | Source of classification or shelving scheme | Damaged status | Not for loan | Home library | Current library | Date acquired | Source of acquisition | Total Checkouts | Full call number | Barcode | Date last seen | Price effective from | Koha item type |
|---|---|---|---|---|---|---|---|---|---|---|---|---|---|---|
| Colon Classification (CC) | Department of Chemistry Library | Department of Chemistry Library | 2022-10-07 | Educational, | E:218:(B) P3-;1 | CD0006929 | 2022-10-07 | 2022-10-07 | Textual |
